El debate fundacional: los orígenes de la historiografía chilena
Saved in:
| Hovedforfatter: | |
|---|---|
| Format: | Ukendt |
| Sprog: | engelsk |
| Udgivet: |
Santiago, Chile:
Fondo de Cultura Económica,
2021
|
| Udgivelse: | Primera edición |
| Serier: | Sección de Obras de Historia
|
| Fag: | |
| Tags: |
Tilføj Tag
Ingen Tags, Vær først til at tagge denne postø!
|
MARC
| LEADER | 00000 a2200000 4500 | ||
|---|---|---|---|
| 003 | CL-VaPUC | ||
| 005 | 20220119085228.0 | ||
| 008 | 211216b2021 ||||| |||| 00| 0 eng d | ||
| 999 | |c 434381 |d 434379 | ||
| 020 | |a 978-956-289-236-0 | ||
| 040 | |c Pontificia Universidad Católica de Valparaíso | ||
| 082 | 7 | |a 907.20983 JAK 2021 |2 22 | |
| 100 | |a Jaksic, Iván |9 865332 |e autor | ||
| 245 | |a El debate fundacional: los orígenes de la historiografía chilena | ||
| 250 | |a Primera edición | ||
| 260 | |a Santiago, Chile: |b Fondo de Cultura Económica, |c 2021 | ||
| 300 | |a 213 páginas | ||
| 490 | |a Sección de Obras de Historia | ||
| 583 | |k Sebastián Perez |c 20211216 | ||
| 650 | 0 | |a Historiografía |9 257871 |z Chile | |
| 650 | 0 | |a Historia |x Política |z Chile |9 865727 | |
| 942 | |2 ddc |c BK | ||
| 952 | |0 0 |1 0 |2 ddc |4 0 |6 907_209830000000000_JAK_2021 |7 0 |8 A |9 579620 |a BIBHIS |b BIBHIS |c GEN |d 2021-12-16 |e 3 |g 10775.00 |i 5629276 |l 5 |m 1 |o 907.20983 JAK 2021 |p 5629276 |r 2025-01-20 |s 2023-05-15 |t 1 |v 10775.00 |w 2021-12-16 |y BK |k HIS | ||